| 000 | 02688cam a2200613 i 4500 | ||
|---|---|---|---|
| 001 | 20937969 | ||
| 005 | 20230209132042.0 | ||
| 008 | 190418t20162016nyuab b 001 0 eng d | ||
| 010 | _a 2018275462 | ||
| 015 |
_aGBB5I4709 _2bnb |
||
| 016 | 7 |
_a017676779 _2Uk |
|
| 020 |
_a9781510711846 _qhardcover |
||
| 020 |
_a1510711848 _qhardcover |
||
| 020 |
_a9781510729735 _qpaperback |
||
| 020 |
_a1510729739 _qpaperback |
||
| 020 |
_z9781510711853 _qelectronic book |
||
| 035 | _a(OCoLC)ocn931642026 | ||
| 037 |
_bPerseus Distribution Services, 1094 Flex Dr, Jackson, TN, USA, 38301-5070 _nSAN 631-760X |
||
| 040 |
_aBTCTA _beng _cBTCTA _erda _dYDXCP _dBDX _dOCLCQ _dZQP _dCGP _dLEB _dJAO _dIFA _dJID _dOCLCF _dGZT _dNLGGC _dCDX _dIBI _dVP@ _dGZM _dILC _dBUR _dQBX _dS3O _dSFR _dBYV _dCHILD _dUAP _dOCLCQ _dOCLCO _dYDX _dUKMGB _dDLC |
||
| 042 | _alccopycat | ||
| 043 | _aaw----- | ||
| 050 | 0 | 0 |
_aHV6433.I722 _bN358 2016 |
| 082 | 0 | 4 |
_a363.325,NAN _223 |
| 084 |
_aPOL037000 _aSOC048000 _aPOL012000 _aHIS027060 _2bisacsh |
||
| 100 | 1 |
_aNance, Malcolm W., _eauthor. _9108789 |
|
| 245 | 1 | 0 |
_aDefeating ISIS : _bwho they are, how they fight, what they believe / _cMalcolm Nance ; [foreword by Richard Engel]. |
| 264 | 1 |
_aNew York : _bSkyhorse Publishing, _c[2016] |
|
| 264 | 4 | _c©2016 | |
| 300 |
_axx, 505 pages : _billustrations, maps ; _c24 cm |
||
| 336 |
_atext _btxt _2rdacontent |
||
| 337 |
_aunmediated _bn _2rdamedia |
||
| 338 |
_avolume _bnc _2rdacarrier |
||
| 505 | 0 | _aPart 1: Who they are. The old history of the new caliphate (Page-1), Part 2: Where they are (Page-69), Part 3: What they believe (Page-183), Part 4: How they fight (Page-299). | |
| 610 | 2 | 0 |
_aIS (Organization) _98476 |
| 610 | 2 | 4 |
_aIS (Organization) _98476 |
| 610 | 2 | 7 |
_aIS (Organization) _2fast _0(OCoLC)fst01914325 _98476 |
| 610 | 2 | 7 |
_aIS (Organization) _2sears _98476 |
| 650 | 0 |
_aJihad. _916743 |
|
| 650 | 0 |
_aTerrorism _xReligious aspects _xIslam. _98478 |
|
| 650 | 0 |
_aTerrorism _zMiddle East. _998766 |
|
| 650 | 7 |
_aJihad. _2fast _0(OCoLC)fst00983599 _916743 |
|
| 650 | 7 |
_aTerrorism. _2fast _0(OCoLC)fst01148101 |
|
| 650 | 7 |
_aTerrorism _xReligious aspects _xIslam. _2fast _0(OCoLC)fst01148138 _98478 |
|
| 650 | 7 |
_aJihad (heligt krig) _2sao _9106233 |
|
| 650 | 7 |
_aTerrorism _xreligiösa aspekter. _2sao _9108790 |
|
| 650 | 7 |
_aIslam. _2sao |
|
| 650 | 7 |
_aTerrorism _zMiddle East. _2sears _998766 |
|
| 650 | 7 |
_aTerrorism _xReligious aspects _xIslam. _2sears _98478 |
|
| 651 | 7 |
_aMiddle East. _2fast _0(OCoLC)fst01241586 |
|
| 700 | 1 |
_aEngel, Richard, _d1973- _ewriter of foreword. _9108791 |
|
| 906 |
_a7 _bcbc _ccopycat _d2 _encip _f20 _gy-gencatlg |
||
| 942 |
_2ddc _cBK |
||
| 999 |
_c593183 _d593183 |
||